Normal view
MARC view
- Cheung, Adrian (Wai Kong).
Entry Personal Name
001 - CONTROL NUMBER
- control field: 66757
003 - CONTROL NUMBER IDENTIFIER
- control field: OSt
005 - DATE AND TIME OF LATEST TRANSACTION
- control field: 20250514092341.0
008 - FIXED-LENGTH DATA ELEMENTS
- fixed length control field: 250514|| aca||aabn | a|a d
040 ## - CATALOGING SOURCE
- Original cataloging agency: OSt
100 ## - HEADING--PERSONAL NAME
- Personal name: Cheung, Adrian (Wai Kong).
- Relator term: author.
